Vyhodnotenie ekonomických výsledkov podniku v stavebnom priemysle aplikáciou metód viackriteriálneho rozhodovania
Na základe metód viackriteriálneho rozhodovania zvolená najvhodnejšia alternatíva, ktorá bude predstavovať referenčný rok, v závislosti od ktorého bude podnikateľ realizovať ďalšie rozhodnutia.
Guardado en:
| Autor principal: | |
|---|---|
| Formato: | Capítulo de libro |
| Lenguaje: | eslovaco |
| Materias: | |
| Etiquetas: |
Sin Etiquetas, Sea el primero en etiquetar este registro!
|
MARC
| LEADER | 00000naa a2200000 4500 | ||
|---|---|---|---|
| 001 | 0281388 | ||
| 005 | 20240502074359.2 | ||
| 041 | 0 | |a slo | |
| 044 | |a SK | ||
| 245 | 1 | 0 | |a Vyhodnotenie ekonomických výsledkov podniku v stavebnom priemysle aplikáciou metód viackriteriálneho rozhodovania |c Juliána Jenčová |
| 520 | |a Na základe metód viackriteriálneho rozhodovania zvolená najvhodnejšia alternatíva, ktorá bude predstavovať referenčný rok, v závislosti od ktorého bude podnikateľ realizovať ďalšie rozhodnutia. | ||
| 610 | 2 | 0 | |a podnik |
| 610 | 2 | 0 | |a stavebníctvo |
| 610 | 2 | 0 | |a rozhodovanie |
| 610 | 2 | 0 | |a kritériá rozhodovania |
| 100 | 1 | |a Jenčová, Juliána, 1996- | |